000 00230nam a2200097Ia 4500
008 231212s1989 xx 000 0 und d
041 _aeng
100 _aMileaf Harry
245 _aElectricity Vol I
260 _aDelhi
_bPragati
_c1989
999 _c960567
_d960567